000 02309nam a22001697a 4500
003 NUST
082 _a621
100 _a Mustafa, Atta ul
_9119691
245 _aAcoustic Emission of Engine Valve Train /
_cAtta ul Mustafa
264 _aIslamabad :
_bSMME- NUST;
_c2023.
300 _a55p. ;
_bSoft Copy
_c30cm.
520 _aThis study presents the use of acoustic emission (AE) analysis in combination with signal processing and LabVIEW software for monitoring 4 different types of oils in different conditions. AE signals were collected using a free filed microphone 4188 with good frequency range placed near the valve train, and the signals were conditioned using a signal conditioner to amplify the signal. The amplified signals were then processed using Fast Fourier Transform (FFT) analysis with National Instruments DAQ cards and LabVIEW software to extract features related to valve train behavior i.e. engine sound, frictional torque etc. The results showed that AE analysis using LabVIEW and signal processing techniques can effectively detect and characterize valve train behavior under various operating conditions. Then investigates the effect of different engine oils on the behavior of engine valve trains using acoustic emission (AE) analysis and FFT analysis with LabVIEW software. Four different types of engine oils of the same grades were tested on a single-cylinder four-stroke engine with four valves. AE signals were collected using a microphone and amplified using a signal conditioner, and then analyzed using FFT analysis with National Instruments DAQ cards and LabVIEW software to extract peak values related to valve train behavior. The results show that the different types of engine oils have a significant effect on the peak values of the AE signals, which is indicative of valve train behavior and from this behavior the frictional torque can be find out[1]. The study demonstrates the potential of AE analysis and FFT analysis with LabVIEW software as a valuable tool for evaluating the performance of engine oils on engine valve train behavior.
650 _aMS Mechanical Engineering
_9119495
700 _aSupervisor : Prof. Dr. Riaz Ahmed Mufti
_9119679
856 _uhttp://10.250.8.41:8080/xmlui/handle/123456789/34903
942 _2ddc
_cTHE
999 _c607321
_d607321